000 02685nam a2200217Ia 4500
999 _c3050
_d3050
020 _a0072877375 (alk. paper)
050 0 0 _aHF1359
_b.A77 2006
100 1 _aAppleyard, Dennis R.
245 1 0 _aInternational economics /
_cDennis R. Appleyard, Alfred J. Field, Jr., Steven L. Cobb.
250 _a5th ed.
260 _aBoston :
_bMcGraw-Hill/Irwin,
_cc2006.
300 _axxvii, 784 p. :
_bill. ;
_c26 cm.
500 _aIncludes index.
505 _a Ch. 1. The World of International Economics -- pt. I. The Classical Theory of Trade -- Ch. 2. Early Trade Theories: Mercantilism and the Transition to the Classical World of David Ricardo -- Ch. 3. The Classical World of David Ricardo and Comparative Advantage -- Ch. 4. Extensions and Tests of the Classical Model of Trade -- pt. II. Neoclassical Trade History -- Ch. 5. Introduction to Neoclassical Trade Theory: Tools to Be Employed -- Ch. 6. Gains from Trade in Neoclassical Theory -- Ch. 7. Offer Curves and the Terms of Trade -- Ch. 8. The Basis for Trade: Factor Endowments and the Heckscher-Ohlin Model -- Ch. 9. Empirical Tests of the Heckscher-Ohlin Theorem -- pt. III. Alternative Theories and Extensions -- Ch. 10. Alternative Theories of Trade and Intra-Industry Trade -- Ch. 11. Economic Growth and International Trade -- Ch. 12. International Factor Movements -- pt. IV. Trade Policy -- Ch. 13. The Instruments of Trade Policy -- Ch. 14. The Impact of Trade Policies -- Ch. 15. Traditional Arguments for Protection -- Ch. 16. "New Protectionist" Approaches to Trade Policy Intervention -- Ch. 17. Review of Recent U.S. Trade Policy -- Ch. 18. Economic Integration -- Ch. 19. International Trade and the Developing Countries -- pt. V. Fundamentals of International Monetary Economics -- Ch. 20. The Balance of Payments Accounts -- Ch. 21. The Foreign Exchange Market -- Ch. 22. The Monetary and Portfolio Balance Approaches to External Balance -- Ch. 23. Current Account Adjustments to Balance of Payments Disequilibrium: Price and Income Effects -- pt. VI. Macroeconomic Policy in the Open Economy -- Ch. 24. Economic Policy in the Open Economy: Fixed Exchange Rates -- Ch. 25. Economic Policy in the Open Economy: Flexible Exchange Rates -- Ch. 26. Prices and Output in the Open Economy: Aggregate Supply and Demand -- pt. VII. Issues in World Monetary Arrangements -- Ch. 27. Fixed or Flexible Exchange Rates? -- Ch. 28. The International Monetary System: Past, Present, and Future.
650 0 _aInternational economic relations.
650 0 _aInternational trade.
650 0 _aInternational finance.
700 1 _aField, Alfred J.
700 1 _aCobb, Steven L.
942 _cBK